Plot of a Story - Statistics

General Stats
  • This quiz has been taken 18 times
  • The average score is 7 of 14
Answers on the Map
Answers color-coded by a green-red scale on the quiz's map according to % correct below.
 
Answer Stats
Answer % Correct
Characters
69%
Falling Action
69%
Inciting Incident
69%
Introduction
69%
Climax
62%
Rising Action
62%
Brings the story to a close
54%
Setting
54%
Conflict
46%
Conclusion
38%
Point of no return
31%
Tie up loose ends
31%
Resolution
23%
What happens next
23%
No matching quizzes found
Score Distribution
Percent of People with Each Score
Percentile by Number Answered
Your Score History
You have not taken this quiz